京急電鉄の乗降客数ランキング - Statistics

General Stats
  • This quiz has been taken 13 times
  • The average score is 20 of 72
Answer Stats
順位 路線 Answer % Correct
1位 本線 横浜
100%
2位 本線 品川
100%
3位 本線 上大岡
100%
4位 複数路線 京急川崎
100%
6位 複数路線 京急蒲田
90%
5位 空港線 羽田空港第1・第2ターミナル
80%
7位 本線 金沢文庫
70%
8位 本線 横須賀中央
60%
9位 複数路線 金沢八景
60%
10位 本線 平和島
50%
12 久里浜線 京急久里浜
40%
11 本線 追浜
30%
14 本線 青物横丁
30%
17 空港線 大鳥居
30%
21 空港線 糀谷
30%
25 久里浜線 北久里浜
30%
27 逗子線 逗子・葉山
30%
30 大師線 小島新田
30%
31 本線 汐入
30%
32 空港線 穴守稲荷
30%
34 空港線 天空橋
30%
37 大師線 川崎大師
30%
48 逗子線 六浦
30%
50 久里浜線 三崎口
30%
51 大師線 東門前
30%
53 複数路線 堀ノ内
30%
55 大師線 鈴木町
30%
56 大師線 大師橋
30%
58 久里浜線 三浦海岸
30%
61 大師線 港町
30%
65 久里浜線 京急長沢
30%
66 久里浜線 新大津
30%
68 逗子線 神武寺
30%
13 空港線 羽田空港第3ターミナル
30%
19 本線 京急鶴見
20%
39 本線 神奈川新町
20%
41 本線 浦賀
20%
59 本線 北品川
20%
60 本線 馬堀海岸
20%
67 久里浜線 津久井浜
20%
69 本線 京急大津
20%
70 本線 逸見
20%
71 本線 安針塚
20%
72 本線 神奈川
20%
47 久里浜線 YRP野比
20%
15 本線 杉田
10%
16 本線 雑色
10%
18 本線 能見台
10%
20 本線 生麦
10%
22 本線 井土ヶ谷
10%
23 本線 弘明寺
10%
24 本線 日ノ出町
10%
26 本線 京急東神奈川
10%
28 本線 大森町
10%
29 本線 黄金町
10%
33 本線 鶴見市場
10%
35 本線 京急富岡
10%
36 本線 立会川
10%
38 本線 南太田
10%
40 本線 屏風浦
10%
42 本線 八丁畷
10%
43 本線 梅屋敷
10%
44 本線 戸部
10%
45 本線 六郷土手
10%
46 本線 新馬場
10%
49 本線 大森海岸
10%
52 本線 京急田浦
10%
54 本線 県立大学
10%
57 本線 鮫洲
10%
62 本線 京急新子安
10%
63 本線 花月総持寺
10%
64 本線 子安
10%
No matching quizzes found
Score Distribution
Percent of People with Each Score
Percentile by Number Answered
Your Score History
You have not taken this quiz